<?xml version="1.0" encoding="UTF-8"?>
<marc:record xmlns:marc="http://www.loc.gov/MARC21/slim">
   <marc:leader>00000nam a2200000 a 4500</marc:leader>
   <marc:datafield ind1=" " ind2=" " tag="653">
      <marc:subfield code="a">Softcover / Schule</marc:subfield>
   </marc:datafield>
   <marc:datafield ind1=" " ind2=" " tag="653">
      <marc:subfield code="a">Lernen/Lernhilfen</marc:subfield>
   </marc:datafield>
   <marc:datafield ind1=" " ind2=" " tag="653">
      <marc:subfield code="a">Abiturwissen/Sekundarstufe I</marc:subfield>
   </marc:datafield>
   <marc:datafield ind1="0" ind2="0" tag="245">
      <marc:subfield code="a">Durchstarten Mathematik</marc:subfield>
   </marc:datafield>
   <marc:datafield ind1=" " ind2="1" tag="264">
      <marc:subfield code="a">Linz</marc:subfield>
      <marc:subfield code="b">Veritas</marc:subfield>
      <marc:subfield code="c">2014</marc:subfield>
   </marc:datafield>
   <marc:datafield ind1=" " ind2=" " tag="250">
      <marc:subfield code="a">1. Aufl.</marc:subfield>
   </marc:datafield>
   <marc:datafield ind1="1" ind2=" " tag="520">
      <marc:subfield code="a">Angaben aus der Verlagsmeldung

Durchstarten Mathematik 8. Coachingbuch : 4. Klasse Gymnasium/HS/NMS / von Markus Olf

Das Coachingbuch-Konzept für eine erfolgreiche, umfassende Lernbetreuung:
•Diagnosetests zu Kapitelbeginn analysieren Stärken und Schwächen und ermöglichen ein individuelles Lernprogramm.
•Doppelseitenprinzip: Ausführliche Erklärungen auf der linken Seite sowie die dazu abgestimmten Übungen auf der rechten Seite fördern einen nachhaltigen Lernfortschritt.
•Kompetenzchecks dienen der kritischen Selbsteinschätzung.
•Abschließende Tests (inkl. Zeitlimits und Punktevergabe) überprüfen das Können.
•Musteraufgaben und Übungen unterschiedlicher Schwierigkeitsgrade sind weitere Hilfen für ein zeiteffizientes Lernen.
•Farbige Registerkarten am oberen Seitenrand leiten durch die Lernbereiche WISSEN – ÜBEN – TESTEN – KOMPETENZEN CHECKEN.

Aus dem Inhalt:
• Reelle Zahlen, Satz von Pythagoras, Variable und Terme, Statistik, Funktionen, Kreis, Zylinder, Kegel, Kugel
• Probeschularbeiten
• Formelsammlung
• Online-Zusatzmaterial gratis: durchgerechnete Musterbeispiele (mit QR-Code auch bequem erreichbar)
</marc:subfield>
   </marc:datafield>
   <marc:datafield ind1=" " ind2=" " tag="020">
      <marc:subfield code="a">9783705892736</marc:subfield>
      <marc:subfield code="9">9783705892736</marc:subfield>
   </marc:datafield>
   <marc:datafield ind1=" " ind2=" " tag="041">
      <marc:subfield code="a">ger</marc:subfield>
   </marc:datafield>
   <marc:datafield ind1=" " ind2=" " tag="300">
      <marc:subfield code="a">162 S.</marc:subfield>
   </marc:datafield>
</marc:record>
